000 00490nab a2200145Ia 4500
003 ES-SlBCS
005 20210601133744.0
008 140529s1994 xxu||||| |||| 00| 0 por d
041 _apor
100 1 _aVilla, Mariano Moreno
_9209285
245 0 0 _aFilosofia e pedagógica da libertaçao latinoamericana
_c Mariano Moreno Villa
650 0 4 _aPedagogía de Liberación-Latinoamérica
_9209286
773 0 _tEducaçao e Filosofia
_gvol. 8, nº. 16, 1994, págs. 183-205
_wRev1534
942 _cAR
999 _c601599
_d601599